000 01731nam a22004577a 4500
003 CHAP
005 20220817043659.0
008 000607d1999 mx a r 00110 spa d
010 _a81427
011 _a82399
035 _a92892
040 _cCHAP
090 _aTesis
100 0 0 _aGarcía Rodríguez, Julio César.
_946535
245 1 0 _aEvaluación agronómica de diez especies de leguminosas con potencial como abonos verdes y cultivos de cobertura en la Esmeralda, Santa María Chimalapa, Oaxaca, México
_c/por Julio César García Rodríguez y Antonio Montiel Mérida
260 _aChapingo, Méx. :
_bEl autor,
_c1999.
300 _a250 p. :
_bilus. ; gráfs.
502 _aTesis (Ing. en Agroecología) -- UACH. Departamento de Agroecología
590 _aALEPH
_b10
_c20130110
_lUCH01
_h1436
590 _aBATCH-UPD
_b10
_c20130110
_lUCH01
_h0550
590 _aBATCH-UPD
_b10
_c20130110
_lUCH01
_h2315
590 _aBATCH-UPD
_b10
_c20130410
_lUCH01
_h0232
590 _aBATCH-UPD
_b10
_c20130913
_lUCH01
_h1840
590 _aCONVERSION
_b10
_c20130109
_lUCH01
_h1345
650 1 4 _aAbonos verdes.
_9282
650 1 4 _aCajanus indicus.
650 1 4 _aCanavalia ensiformes.
_918287
650 1 4 _aClitoria ternatea.
_923880
650 1 4 _aCrotalaria longirostrata.
_929206
650 1 4 _aCultivos de cobertura.
_930371
650 1 4 _aDolichos lablab.
_933730
650 1 4 _aLeguminosas
_xOaxaca.
_965843
650 1 4 _aMucuna deeringiana.
_979258
650 1 4 _aSistemas de producción.
_9106767
650 1 4 _aVigna umbellata.
_9119320
901 _aBK
905 _aAlejandra Carrasco M.
942 _cFOLL
949 _bBC
_cTES
_d33724000783510
_eTS2
_fc.2
_h36480
_i92892
_si
949 _bBC
_cTES
_d928921
_eTS1
_h36479
_i92892
_sb
999 _c81427
_d81427